000 005290000a22001810004500
003 MACL
005 20160313161546.0
008 160313b xxu||||| |||| 00| 0 eng d
040 _aMACL
_cMACL
041 _aHind8i
082 _a891.433
100 _aमधुकर मणि
_944586
245 _aसूखे सरोवर का भूगाेल
260 _bप्रभात प्रकाशन
_c1970
_aनई दिल्‍ली
350 _a20
650 _aStories
_945905
942 _cHIN
_k891.433
_2ddc
999 _c27326
_d27326